00458nam a22001697a 450000500170000001000150001702000260003203500130005803700130007108200080008424500440009225000120013626000370014827000600018530000270024565000160027220100818155619.0 aENG-100898 a9788176710602c150.00 aEN-84431 bDBAD/PUB a000 aTest of mathamatics at the 10+2 level / a11th ed aNew DelhibEast West Pressc2008 a105 Nirmal Tower, 26 Barakhamba RoadbNew Delhie1100012 aviii,223p.c24cm (pbk) aMathamatics